• 首页
  • 本馆介绍
  • 公告通知
  • 最新文献
  • 馆藏检索
  • 电子资源
  • 读者导购
  • 参考咨询
  • 我的图书馆
  • 登录
  • 详细信息显示
  • 放入我的书架
  • 预约/预借图书
  • 作者相关作品
  • 分类相关作品
  • 丛书相关作品
  • 出版社相关作品

书目信息

  • 表格格式
  • 工作单格式
  • 卡片格式
题名:
文化自信中的传统与当代
    
 
作者: 陈先达 著
分册:  
出版信息: 北京   北京师范大学出版社  2017.08
页数: 280页
开本: 21cm
丛书名:
单 册:
中图分类: G12
科图分类:
主题词: 中国特色社会主义--文化事业--建设--研究
电子资源:
ISBN: 978-7-303-22400-5
000 00977nam0 2200241 450
001 0108153903
005 20210308154401.0
010    @a978-7-303-22400-5@b精装@dCNY48.00
100    @a20210306e20202017em y0chiy50 ea
101 0  @achi
102    @aCN@b110000
105    @ay z 000yy
106    @ar
200 1  @a文化自信中的传统与当代@Awen hua zi xin zhong de chuan tong yu dang dai@dConfidence in culture: past and present@f陈先达著@zeng
210    @a北京@c北京师范大学出版社@d2017.08@h2020.05
215    @a280页@d21cm
330    @a本书展现了陈先达先生对于文化及文化自信问题的探讨。书中关于文化的内涵、中国文化的精神、马克思主义和中国传统文化的关系、历史唯物主义与中国道路、哲学社会科学工作者的责任等一系列重大议题的论述。
510 1  @aConfidence in culture: past and present@zeng
606 0  @a中国特色社会主义@x文化事业@x建设@x研究
690    @aG12@v5
701  0 @a陈先达@Achen xian da@4著@f(1930-)
801  0 @aCN@bBJSZM@c20210308
905    @b1271345-6@dG12@e325@f2
    
    文化自信中的传统与当代=Confidence in culture: past and present/陈先达著.-北京:北京师范大学出版社,2017.08(2020.05)
    280页;21cm
    
    
    ISBN 978-7-303-22400-5(精装):CNY48.00
    本书展现了陈先达先生对于文化及文化自信问题的探讨。书中关于文化的内涵、中国文化的精神、马克思主义和中国传统文化的关系、历史唯物主义与中国道路、哲学社会科学工作者的责任等一系列重大议题的论述。
●
相关链接 在E读中查询图书 在五车中查询图书 在当当中查询图书 在豆瓣中查询图书


正题名:文化自信中的传统与当代     索取号:G12/325         预约/预借

序号 登录号 条形码 馆藏地/架位号 状态 备注
1 1271345   212713456   第一样本阅览室/ [索取号:G12/325] 在馆    
2 1271346   212713465   第四借阅区/ [索取号:G12/325] 在馆    
唐山师范学院图书馆 欢迎您!
大连网信软件有限公司© 版权所有